Studio Ghibli Movie by Landscape Shot - Statistics

General Stats
  • This quiz has been taken 810 times
  • The average score is 6 of 12
Answer Stats
Picture Answer % Correct
Spirited Away
82%
My Neighbor Totoro
80%
Ponyo
80%
Castle in the Sky
77%
Howl's Moving Castle
64%
Princess Mononoke
60%
The Tale of the Princess Kaguya
37%
Porco Rosso
35%
Kiki's Delivery Service
34%
Arrietty
28%
Tales from Earthsea
24%
The Wind Rises
17%
No matching quizzes found
Score Distribution
Percent of People with Each Score
Percentile by Number Answered
Your Score History
You have not taken this quiz